ARRUPE JESUIT UNIVERSITY

CORONAVIRUS -STOP THE SPREAD - CLEAN,DISINFECT,COVER

Savage systems : (Record no. 126266)

MARC details
000 -LEADER
fixed length control field 01296pam a2200325 a 4500
001 - CONTROL NUMBER
control field 2105685
003 - CONTROL NUMBER IDENTIFIER
control field ARRUPE
005 - DATE AND TIME OF LATEST TRANSACTION
control field 20170309145056.0
008 - FIXED-LENGTH DATA ELEMENTS--GENERAL INFORMATION
fixed length control field 960314s1996 vauab b s001 0 eng
010 ## - LIBRARY OF CONGRESS CONTROL NUMBER
LC control number 96012909
020 ## - INTERNATIONAL STANDARD BOOK NUMBER
International Standard Book Number 081391664X (alk. paper)
020 ## - INTERNATIONAL STANDARD BOOK NUMBER
International Standard Book Number 0813916674 (pbk. : alk. paper)
040 ## - CATALOGING SOURCE
Original cataloging agency DLC
Transcribing agency DLC
Modifying agency DLC
043 ## - GEOGRAPHIC AREA CODE
Geographic area code fs-----
-- f------
050 00 - LIBRARY OF CONGRESS CALL NUMBER
Classification number BL2463
Item number .C45 1996
082 00 - DEWEY DECIMAL CLASSIFICATION NUMBER
Classification number 291/.0968
Edition number 20
300 ## - PHYSICAL DESCRIPTION
Other physical details ill., map ;
Dimensions 24 cm.
100 1# - MAIN ENTRY--PERSONAL NAME
Personal name Chidester, David.
9 (RLIN) 29281
245 10 - TITLE STATEMENT
Title Savage systems :
Remainder of title colonialism and comparative religion in southern Africa /
Statement of responsibility, etc David Chidester.
260 ## - PUBLICATION, DISTRIBUTION, ETC. (IMPRINT)
Place of publication, distribution, etc Charlottesville :
Name of publisher, distributor, etc University Press of Virginia,
Date of publication, distribution, etc 1996.
300 ## - PHYSICAL DESCRIPTION
Extent xviii, 324 p. :
490 1# - SERIES STATEMENT
Series statement Studies in religion and culture
504 ## - BIBLIOGRAPHY, ETC. NOTE
Bibliography, etc Includes bibliographical references (p. [279]-313) and index.
650 #0 - SUBJECT ADDED ENTRY--TOPICAL TERM
Topical term or geographic name as entry element Colonies
Geographic subdivision Africa.
9 (RLIN) 18677
650 #0 - SUBJECT ADDED ENTRY--TOPICAL TERM
Topical term or geographic name as entry element Colonies.
9 (RLIN) 23599
650 #0 - SUBJECT ADDED ENTRY--TOPICAL TERM
Topical term or geographic name as entry element Religion
General subdivision Study and teaching
-- History.
9 (RLIN) 29282
651 #0 - SUBJECT ADDED ENTRY--GEOGRAPHIC NAME
Geographic name Africa, Southern
General subdivision Religion
-- Study and teaching
-- History.
9 (RLIN) 29283
830 #0 - SERIES ADDED ENTRY--UNIFORM TITLE
Uniform title Studies in religion and culture (Charlottesville, Va.)
9 (RLIN) 29284
906 ## - LOCAL DATA ELEMENT F, LDF (RLIN)
a 7
b cbc
c orignew
d 1
e ocip
f 19
g y-gencatlg
942 ## - ADDED ENTRY ELEMENTS (KOHA)
Source of classification or shelving scheme Library of Congress Classification
Koha item type Monograph ( Printed materials)
Holdings
Withdrawn status Lost status Source of classification or shelving scheme Damaged status Not for loan Collection code Home library Current library Shelving location Date acquired Total Checkouts Full call number Barcode Date last seen Date checked out Price effective from Koha item type
    Library of Congress Classification     Main Collection ARRUPE LIBRARY ARRUPE LIBRARY Main Collection 09/03/2017 4 BL2463 .C45 1996 46500025616 01/04/2019 13/03/2019 09/03/2017 Monograph ( Printed materials)
    Library of Congress Classification       ARRUPE LIBRARY ARRUPE LIBRARY   25/09/2018   BL2463 .C45 1996 46600002156 25/09/2018   25/09/2018 Monograph ( Printed materials)

 

Arrupe Library. PO Box MP320 Mt Pleasant, Harare, Zimbabwe
263 242 745411|librarian@aju.ac.zw